En torno a los estudios culturales: Localidades, trayectorias y disputas /
Сохранить в:
| Другие авторы: | , , , , , , , , , , , , , , |
|---|---|
| Формат: | |
| Язык: | Spanish |
| Опубликовано: |
Santiago de Chile,
Red de Estudios y Políticas Culturales (CLACSO)
agosto 2010
|
| Предметы: | |
| Метки: |
Добавить метку
Нет меток, Требуется 1-ая метка записи!
|
MARC
| LEADER | 00000nam a22000007a 4500 | ||
|---|---|---|---|
| 003 | cru IIS | ||
| 005 | 20240122164021.0 | ||
| 008 | 240122b |||||||| |||| 00| 0 spa d | ||
| 020 | |a 9789568114886 | ||
| 040 | |a CRAI-IIS |b spa | ||
| 100 | 1 | |a Sader, Emir |4 Editor |9 4637 | |
| 245 | 1 | |a En torno a los estudios culturales: |b Localidades, trayectorias y disputas / |c Nelly Richard (editora) |h [Impreso] | |
| 260 | |a Santiago de Chile, |b Red de Estudios y Políticas Culturales (CLACSO) |c agosto 2010 | ||
| 300 | |a 195 p. | ||
| 600 | 1 | 0 | |a Sader, Emir |9 4637 |d Editor responsable |
| 600 | 0 | |a Richard, Nelly |9 11850 |d editora | |
| 650 | 0 | 7 | |0 TESAUROS |2 TESAUROS |
| 700 | 1 | |a Grimson, Alejandro |9 7358 | |
| 700 | |a Caggiano, Sergio |9 11851 | ||
| 700 | |a Portocarrero, Gonzalo |9 11852 | ||
| 700 | |a Quintero Rivera, Mareia |9 11854 | ||
| 700 | |a Aparicio, Juan Ricardo |9 11855 | ||
| 700 | |a Saavedra, Alcira |9 11856 | ||
| 700 | |a Lobo, Gregory |9 11857 | ||
| 700 | |a Quintana, Camilo |9 11858 | ||
| 700 | |a Richard, Nelly |9 11850 | ||
| 700 | |a Silva Echeto, Víctor |9 11859 | ||
| 700 | |a Walsh, Catherine |9 11860 | ||
| 700 | |a Restrepo, Eduardo |9 11861 | ||
| 700 | 1 | |a García Canclini, Néstor |9 4510 | |
| 700 | 1 | |a Barbero, Jesús Martín |9 8288 | |
| 942 | |2 ddc |c LI |h <script>document.querySelector('[id^="tag_090_subfield_a"]').value</script> |6 SCRIPTDOCUMENTQUERYSELECTORIDTAG_090_SUBFIELD_AVALUESCRIPT | ||
| 999 | |c 45460 |d 45460 | ||



